<?xml version="1.0" encoding="UTF-8"?>
<record
    xmlns:xsi="http://www.w3.org/2001/XMLSchema-instance"
    xsi:schemaLocation="http://www.loc.gov/MARC21/slim http://www.loc.gov/standards/marcxml/schema/MARC21slim.xsd"
    xmlns="http://www.loc.gov/MARC21/slim">

  <leader>02169nam a2200277 a 4500</leader>
  <controlfield tag="001">BRCA_8769</controlfield>
  <controlfield tag="005">20190320210412.0</controlfield>
  <controlfield tag="008">290317s1777----sp-#######---#000-0#spa-#</controlfield>
  <datafield tag="041" ind1=" " ind2=" ">
    <subfield code="a">spa</subfield>
  </datafield>
  <datafield tag="044" ind1=" " ind2=" ">
    <subfield code="a">sp</subfield>
  </datafield>
  <datafield tag="084" ind1=" " ind2=" ">
    <subfield code="a">BE134</subfield>
    <subfield code="b">.S46 1777</subfield>
  </datafield>
  <datafield tag="100" ind1="1" ind2=" ">
    <subfield code="a">Se&#xF1;eri, Pablo</subfield>
    <subfield code="d">1624-1694</subfield>
    <subfield code="9">21265</subfield>
  </datafield>
  <datafield tag="245" ind1="1" ind2="0">
    <subfield code="a">El christianismo instruido en su ley</subfield>
    <subfield code="b">discursos morales y doctrinales</subfield>
    <subfield code="c">dados a luz en lengua toscana por el Rmo. Padre Pablo Se&#xF1;eri, de la extinguida compa&#xF1;&#xED;a de Jes&#xFA;s, predicador que fue de nuestro santissimo Padre Inocencio XII; y traducidos al castellano por Don Juan de Espinola, Baeza, Echaburu.</subfield>
  </datafield>
  <datafield tag="260" ind1=" " ind2=" ">
    <subfield code="a">Madrid</subfield>
    <subfield code="b">En la Imprenta de Blas Rom&#xE1;n</subfield>
    <subfield code="c">1777</subfield>
  </datafield>
  <datafield tag="300" ind1=" " ind2=" ">
    <subfield code="a">[4], 451 p. (t.4)</subfield>
    <subfield code="c">21.2 x 15.5 cm.</subfield>
  </datafield>
  <datafield tag="500" ind1=" " ind2=" ">
    <subfield code="a">Con las licencias necesarias</subfield>
  </datafield>
  <datafield tag="500" ind1=" " ind2=" ">
    <subfield code="a">En portada: Obra util&#xED;sima para todo genero de personas d&#xF3;ctas, &#xE9; indoctas, llena de todo genero de erudici&#xF3;n sagrada, y profana. Corregida y enmendada en esta ultima impresi&#xF3;n, con &#xED;ndice de las cosas m&#xE1;s notables que se encuentran en el.</subfield>
  </datafield>
  <datafield tag="500" ind1=" " ind2=" ">
    <subfield code="a">Estado f&#xED;sico: presenta encuadernaci&#xF3;n en pergamino, con algunas hojas manchadas</subfield>
  </datafield>
  <datafield tag="500" ind1=" " ind2=" ">
    <subfield code="a">Con marca de fuego: &#x201C;Procedencia de la marca: Convento de San Francisco de Silao, Guanajuato(1). Instituci&#xF3;n: Provincia de San Pedro y San Pablo de Michoac&#xE1;n. Descripci&#xF3;n: Abreviatura de la palabra Conv[en]to seguido del monograma compuesto por las iniciales &#x201C;A&#x201D;, &#x201C;S&#x201D;, &#x201C;I&#x201D; y &#x201C;L&#x201D; que se desata como Silao. El todo inscrito en un rect&#xE1;ngulo. Observaciones: David Saavedra la adjudica al Convento Franciscano de Silao, Guanajuato. Con el testimonio de pertenencia ubicado en este ejemplar se corrobora la atribuci&#xF3;n realizada por David Saavedra. Ubicaci&#xF3;n de la marca en el libro: Canto superior, inferior y lateral&#x201D;</subfield>
  </datafield>
  <datafield tag="650" ind1="1" ind2="4">
    <subfield code="a">Cristianismo</subfield>
    <subfield code="y">Obras anteriores a 1800</subfield>
    <subfield code="9">21839</subfield>
  </datafield>
  <datafield tag="700" ind1="1" ind2=" ">
    <subfield code="a">Espinola, Baeza, Echaburu, Juan de</subfield>
    <subfield code="e">tr.</subfield>
    <subfield code="9">21840</subfield>
  </datafield>
  <datafield tag="700" ind1="1" ind2=" ">
    <subfield code="a">Rom&#xE1;n, Blas</subfield>
    <subfield code="e">Impresor</subfield>
    <subfield code="9">21841</subfield>
  </datafield>
  <datafield tag="856" ind1=" " ind2=" ">
    <subfield code="a">http://www.marcasdefuego.buap.mx:8180/xmLibris/projects/firebrand/item.jsp?repository=marcas_de_fuego&amp;key=marcas_de_fuego_franciscanas_20150807140752_1047.xml&amp;num=130</subfield>
  </datafield>
  <datafield tag="902" ind1=" " ind2=" ">
    <subfield code="a">CFM</subfield>
  </datafield>
  <datafield tag="942" ind1=" " ind2=" ">
    <subfield code="2">lcc</subfield>
    <subfield code="c">B</subfield>
  </datafield>
  <datafield tag="999" ind1=" " ind2=" ">
    <subfield code="c">8420</subfield>
    <subfield code="d">8420</subfield>
  </datafield>
  <datafield tag="952" ind1=" " ind2=" ">
    <subfield code="0">0</subfield>
    <subfield code="1">0</subfield>
    <subfield code="4">0</subfield>
    <subfield code="7">0</subfield>
    <subfield code="a">BRCA</subfield>
    <subfield code="b">BRCA</subfield>
    <subfield code="d">2017-03-29</subfield>
    <subfield code="l">0</subfield>
    <subfield code="o">BE134 .S46 1777</subfield>
    <subfield code="p">CFM00096</subfield>
    <subfield code="r">2019-03-22 00:00:00</subfield>
    <subfield code="w">2019-03-22</subfield>
    <subfield code="y">B</subfield>
  </datafield>
</record>
